Terra mãe CN: ciências naturais
Salvato in:
| Autore principale: | |
|---|---|
| Altri autori: | |
| Natura: | Sconosciuto |
| Lingua: | portoghese |
| Pubblicazione: |
Cacém
Texto
2002-
|
| Edizione: | 1ª ed. |
| Catalogo: | MANES: Risultati della ricerca del catalogo della biblioteca |
| Libro di testo Classificazione: |
|
| Tags: |
Aggiungi Tag
Nessun Tag, puoi essere il primo ad aggiungerne!!
|
| Aggiunto a: | 2016-04-26 |
| Cambiato in: | 2025-04-25 |
MARC
| LEADER | 000000000a22000000004500 | ||
|---|---|---|---|
| 001 | 28671 | ||
| 003 | OSt | ||
| 005 | 20250425111459.0 | ||
| 008 | 160427s pt ||||| |||| 00| 0 por d | ||
| 040 | |c centro_manes | ||
| 041 | 1 | |a por | |
| 100 | 1 | |a Baptista, José Augusto |9 14937 | |
| 245 | 0 | 0 | |a Terra mãe CN: ciências naturais |
| 250 | |a 1ª ed. | ||
| 260 | 3 | |a Cacém |b Texto |c 2002- | |
| 300 | |a v.; |c 27 cm | ||
| 500 | |a [1º v.] |a [1º v.]: Terra no espaço : terra em transformação. - 224 p. |a [2º v.] | ||
| 561 | |5 pt-BNP |a Portugal. Biblioteca Nacional de Portugal |k MANES | ||
| 690 | |a CN | ||
| 691 | |a SE | ||
| 700 | 1 | |a Domingues, Helena Vaz |9 14938 |a Sobral, Marília Serrano |9 14939 | |
| 942 | |2 ddc |c BK | ||
| 546 | |a Portugal | ||
| 999 | |c 30133 |d 30133 | ||
| 999 | |c manes:30133 |d 30133 | ||